[Event "London Classic Open 2014"]
[Site "London ENG"]
[Date "2014.12.09"]
[Round "2.61"]
[White "Chiu, Howard"]
[Black "Rygg, Snorre"]
[Result "1/2-1/2"]
[WhiteTitle "CM"]
[WhiteElo "2052"]
[BlackElo "1865"]
[WhiteFideId "5801338"]
[BlackFideId "1516035"]
[EventDate "2014.12.08"]

1. e4 c5 2. Nf3 d6 3. d4 cxd4 4. Nxd4 Nf6 5. Nc3 a6 6. a4 g6 7. Be2 Bg7 8. O-O
O-O 9. Re1 Nc6 10. Nb3 Be6 11. Bf1 Rc8 12. Nd5 Ne5 13. Bg5 Bxd5 14. exd5 Nc4 15.
Bxc4 Rxc4 16. Qd3 Rc7 17. h3 Re8 18. c3 Qd7 19. Re3 Kf8 20. Rf3 Rec8 21. Nd2 b5
22. Bxf6 Bxf6 23. Ne4 Kg7 24. Nxf6 exf6 25. axb5 axb5 26. Qd4 Qe7 27. Re3 Qd8
28. Ra6 Rc5 29. Kh2 Qd7 30. Rf3 Qe7 31. Re3 Qd7 32. Qe4 Rd8 33. Ra3 Qb7 34. Rd3
Qd7 35. b4 Rc7 36. Re3 Rdc8 37. Qf4 Rc4 38. Qg3 Qc7 39. Ra6 Rd8 1/2-1/2

[Event "London Classic Open 2014"]
[Site "London ENG"]
[Date "2014.12.09"]
[Round "2.62"]
[White "Anbukumar, Hajane"]
[Black "Robert, Pierre"]
[Result "0-1"]
[WhiteElo "1845"]
[BlackElo "2051"]
[WhiteFideId "428647"]
[BlackFideId "204781"]
[EventDate "2014.12.08"]

1. e4 e5 2. Nc3 Nf6 3. g3 Nc6 4. Bg2 Bc5 5. d3 d6 6. h3 O-O 7. Nge2 Nd4 8. Bg5
h6 9. Bxf6 Qxf6 10. Nxd4 Bxd4 11. Qd2 c6 12. Nd1 Be6 13. c3 Bb6 14. Ne3 Rad8 15.
O-O d5 16. exd5 cxd5 17. Nc2 Qg6 18. Kh2 f5 19. Rae1 f4 20. Rxe5 f3 21. Bh1 Bc7
22. Rxe6 Qxe6 23. Nd4 Qf7 24. Nxf3 Rfe8 25. d4 Rd7 26. Re1 Rxe1 27. Nxe1 Qf5 28.
Nd3 g5 29. Qe2 Rf7 30. Bg2 Kg7 31. Kg1 Kf8 32. g4 Qd7 33. Nc5 Qd6 34. Ne6+ Kg8
35. Nxc7 Rxc7 36. Qe8+ Kg7 37. Qe5+ Qxe5 38. dxe5 Re7 39. Bxd5 Rxe5 40. Bxb7 Rb5
41. a4 Rxb7 0-1

[Event "London Classic Open 2014"]
[Site "London ENG"]
[Date "2014.12.09"]
[Round "2.63"]
[White "Rogers, Tim L"]
[Black "Peck, Silas"]
[Result "1-0"]
[WhiteElo "2046"]
[BlackElo "1862"]
[WhiteFideId "418137"]
[BlackFideId "432865"]
[EventDate "2014.12.08"]

1. e4 e5 2. Nf3 Nc6 3. d4 exd4 4. Nxd4 Bc5 5. Nxc6 Qf6 6. Qf3 bxc6 7. Be2 Qxf3
8. Bxf3 Ne7 9. O-O O-O 10. Nd2 d6 11. Nb3 Bb6 12. Bd2 a5 13. Bc3 Ng6 14. Rfe1
Re8 15. Nd2 Ba6 16. g3 Ne5 17. Bxe5 Rxe5 18. Be2 Bxe2 19. Rxe2 Rae8 20. Rae1 f5
21. Kf1 fxe4 22. Rxe4 Rf8 23. f3 Rb5 24. b3 Rd5 25. R1e2 Bc5 26. Kg2 Bb4 27. Nf1
Rd1 28. Re7 Rf7 29. Re8+ Rf8 30. R8e7 Rf7 31. Re8+ Rf8 32. Rxf8+ Kxf8 33. Ne3
Rd2 34. Rxd2 Bxd2 35. Kf2 Kf7 36. Ke2 Bc3 37. Kd3 Bb4 38. Nc4 a4 39. bxa4 Ke6
40. a5 d5 41. a6 Bc5 42. Na5 Kd7 43. f4 Bb6 44. c4 Kd6 45. Nb3 Kd7 46. c5 Ba7
47. Kd4 Ke6 48. Na5 Kd7 49. f5 Bb8 50. g4 Ba7 51. g5 1-0

[Event "London Classic Open 2014"]
[Site "London ENG"]
[Date "2014.12.09"]
[Round "2.64"]
[White "Barton, R Alan"]
[Black "Fernandez Aransay, Fernando"]
[Result "1/2-1/2"]
[WhiteElo "2042"]
[BlackElo "1861"]
[WhiteFideId "404233"]
[BlackFideId "2216280"]
[EventDate "2014.12.08"]

1. Nf3 d5 2. d4 Nf6 3. e3 e6 4. Nbd2 b6 5. Bb5+ c6 6. Bd3 Bb7 7. O-O c5 8. Bb5+
Nbd7 9. Ne5 Rc8 10. c3 a6 11. Nxd7 Nxd7 12. Bxd7+ Qxd7 13. Qg4 Qd8 14. f4 Qf6
15. Nf3 Qg6 16. Qxg6 hxg6 17. Bd2 f6 18. Rf2 Bd6 19. g3 Kf7 20. Raf1 Bc6 21. Bc1
Bb5 1/2-1/2

[Event "London Classic Open 2014"]
[Site "London ENG"]
[Date "2014.12.09"]
[Round "2.65"]
[White "Barasi, Paul Dl"]
[Black "Holleland, Sigve"]
[Result "0-1"]
[WhiteElo "1836"]
[BlackElo "2042"]
[WhiteFideId "432830"]
[BlackFideId "1513672"]
[EventDate "2014.12.08"]

1. d4 d5 2. Bg5 Nf6 3. Bxf6 gxf6 4. e3 Nc6 5. c4 e6 6. a3 dxc4 7. Bxc4 a6 8. Nc3
b5 9. Be2 Ne7 10. Bf3 Rb8 11. Nge2 Bh6 12. Ne4 Ng6 13. Nc5 O-O 14. g3 Ne7 15. b4
Nd5 16. Qd3 Nb6 17. O-O Re8 18. Rfc1 f5 19. Qc2 Bg7 20. Rd1 Qe7 21. Rac1 Nc4 22.
a4 Bf8 23. Nf4 Qf6 24. axb5 axb5 25. Ra1 Rd8 26. Ra7 Bd6 27. Nh5 Qg5 28. e4 Bxc5
29. bxc5 Bb7 30. h4 Qh6 31. Rxb7 Rxb7 32. e5 Rbb8 33. Nf6+ Kg7 34. Kg2 Qe3 35.
Be2 Qa3 36. g4 Qb2 37. Qd3 Nxe5 38. Qe3 Ng6 39. g5 e5 40. h5 Nf4+ 0-1

[Event "London Classic Open 2014"]
[Site "London ENG"]
[Date "2014.12.09"]
[Round "2.66"]
[White "Cannon, Richard J"]
[Black "Machlik, Jon"]
[Result "0-1"]
[WhiteElo "2041"]
[BlackElo "1852"]
[WhiteFideId "408670"]
[BlackFideId "1513613"]
[EventDate "2014.12.08"]

1. e4 e5 2. Nf3 Nc6 3. Bb5 a6 4. Ba4 Nf6 5. O-O b5 6. Bb3 Bb7 7. Qe2 Bc5 8. a4
b4 9. Ng5 O-O 10. Nxf7 Qe7 11. Nd6+ Kh8 12. Nxb7 Nd4 13. Qd1 Nxe4 14. Nxc5 Qxc5
15. Qe1 Nxf2 16. Rxf2 Rxf2 17. Qxf2 Rf8 18. Bf7 Qxc2 19. Nc3 bxc3 20. Bb3 Rxf2
21. Bxc2 Nxc2 22. Kxf2 cxd2 23. Bxd2 Nxa1 24. b4 Nb3 25. Be3 Kg8 26. Ke2 Kf7 27.
Kd3 Ke6 28. Kc4 Nd4 29. b5 axb5+ 30. axb5 d6 31. g4 Kd7 32. h4 c6 33. b6 d5+ 34.
Kd3 c5 35. Bg5 Kc6 36. Be7 Kxb6 37. h5 Ne6 38. g5 Nf4+ 39. Ke3 Nxh5 0-1

[Event "London Classic Open 2014"]
[Site "London ENG"]
[Date "2014.12.09"]
[Round "2.67"]
[White "Dror, Levi"]
[Black "Jacobsen, Fredrik Beer"]
[Result "0-1"]
[WhiteElo "1824"]
[BlackElo "2034"]
[WhiteFideId "2809583"]
[BlackFideId "1507044"]
[EventDate "2014.12.08"]

1. e4 c5 2. Nf3 Nc6 3. d4 cxd4 4. Nxd4 Nf6 5. Nc3 d6 6. Bg5 e6 7. Qd2 a6 8.
O-O-O h6 9. Be3 Nxd4 10. Bxd4 b5 11. f3 Qa5 12. Kb1 b4 13. Ne2 e5 14. Be3 Be6
15. Nc1 Be7 16. g4 d5 17. g5 hxg5 18. Bxg5 dxe4 19. Bxf6 Bxf6 20. fxe4 O-O 21.
Rg1 Qb6 22. Bd3 a5 23. Rg2 a4 24. Rdg1 g6 25. b3 axb3 26. cxb3 Rfd8 27. Qf2 Qxf2
28. Rxf2 Be7 29. Rc2 Ra5 30. Rgg2 Bc5 31. Bc4 Bxc4 32. Rxc4 Rd1 33. Rgc2 Be7 34.
Kb2 Rb5 35. Rc7 Bg5 36. Rf2 Rb6 37. Rfxf7 Bxc1+ 38. Kc2 Rbd6 0-1

[Event "London Classic Open 2014"]
[Site "London ENG"]
[Date "2014.12.09"]
[Round "2.68"]
[White "Jyothilal, N."]
[Black "Kalerwa, Edwin M"]
[Result "1-0"]
[WhiteElo "2031"]
[BlackElo "1840"]
[WhiteFideId "5002605"]
[BlackFideId "422223"]
[EventDate "2014.12.08"]

1. d4 e6 2. Nf3 d5 3. c4 Nf6 4. g3 c5 5. Bg2 Nc6 6. O-O Be7 7. cxd5 exd5 8. Nc3
O-O 9. dxc5 Bxc5 10. Bg5 d4 11. Na4 Be7 12. Rc1 h6 13. Bxf6 Bxf6 14. Qd2 Re8 15.
Nc5 Rb8 16. b3 Qb6 17. h3 Be7 18. Nd3 Ba3 19. Rc2 Bf5 20. Rc4 a5 21. Qf4 Bxd3
22. exd3 Rbd8 23. Re1 Bb2 24. Re4 Rxe4 25. Qxe4 Nb4 26. Qe2 Bc3 27. Nh4 Qb5 28.
Be4 Re8 29. Qf3 Nc6 30. Bxc6 bxc6 31. Rxc6 Qb7 32. Re6 Qd7 33. Re4 g6 34. Kg2
Rc8 35. Re5 Kg7 36. Qe4 Qc6 37. Nf3 Qxe4 38. Rxe4 Ra8 39. Nxd4 Rd8 40. Ne2 Bb4
41. Rd4 Rc8 42. Rc4 Re8 43. Kf3 Be1 44. d4 Re6 45. Nf4 Rf6 46. Ke2 Bxf2 47. Kxf2
g5 48. Rc5 gxf4 49. g4 Rd6 50. Rc4 Kg6 51. Kf3 Re6 52. Kxf4 Rf6+ 53. Kg3 Rf1 54.
Ra4 Rd1 55. Rxa5 Rxd4 56. Rf5 Rd2 57. a4 Rb2 58. Rb5 Kf6 59. a5 Ke6 60. b4 Kd7
61. a6 Kc6 62. Ra5 1-0

[Event "London Classic Open 2014"]
[Site "London ENG"]
[Date "2014.12.09"]
[Round "2.69"]
[White "Viudes Serra, Aaron"]
[Black "Morello, Guido"]
[Result "0-1"]
[WhiteElo "1818"]
[BlackElo "2029"]
[WhiteFideId "2247658"]
[BlackFideId "836621"]
[EventDate "2014.12.08"]

1. c4 e5 2. g3 Nc6 3. Bg2 Bc5 4. Nc3 Nf6 5. d3 h6 6. a3 a6 7. e3 d6 8. Nge2 O-O
9. O-O Bf5 10. b4 Ba7 11. Bb2 Qd7 12. Re1 Bh3 13. Bh1 Ng4 14. Nc1 f5 15. c5 f4
16. d4 fxe3 17. fxe3 dxc5 18. dxc5 Qf5 19. Nd3 Rad8 20. Bd5+ Rxd5 21. Nxd5 Qe4
22. Qe2 Nf2 23. N5f4 Qh1+ 0-1

[Event "London Classic Open 2014"]
[Site "London ENG"]
[Date "2014.12.09"]
[Round "2.70"]
[White "Arnetta, Maria Teresa"]
[Black "Nordstrom, Hakon N"]
[Result "1-0"]
[WhiteTitle "WFM"]
[WhiteElo "2027"]
[BlackElo "1836"]
[WhiteFideId "811572"]
[BlackFideId "1513710"]
[EventDate "2014.12.08"]

1. e4 e6 2. b3 d5 3. Bb2 Nf6 4. e5 Nfd7 5. f4 c5 6. Qg4 Nc6 7. Nf3 f6 8. Qxe6+
Ne7 9. Bb5 a6 10. exf6 gxf6 11. Bxf6 axb5 12. Bxh8 Ra6 13. Qe2 1-0

[Event "London Classic Open 2014"]
[Site "London ENG"]
[Date "2014.12.09"]
[Round "2.71"]
[White "Kebbedies, Frank"]
[Black "Burke, John S"]
[Result "1/2-1/2"]
[WhiteElo "1803"]
[BlackElo "2026"]
[WhiteFideId "24606944"]
[BlackFideId "404322"]
[EventDate "2014.12.08"]

1. d4 d5 2. c4 dxc4 3. Nf3 Nf6 4. Nc3 a6 5. e4 b5 6. e5 Nd5 7. a4 Nxc3 8. bxc3
Qd5 9. Ng5 h6 10. Be2 Qd8 11. Nxf7 Kxf7 12. Bh5+ Kg8 13. Qf3 Be6 14. Qxa8 Bd5
15. Qa7 e6 16. O-O b4 17. cxb4 Bxb4 18. Bf3 Bxf3 19. gxf3 Nc6 20. Qxa6 Qd5 21.
Be3 Qxf3 22. Qxc4 1/2-1/2

[Event "London Classic Open 2014"]
[Site "London ENG"]
[Date "2014.12.09"]
[Round "2.72"]
[White "Ismailov, Roman"]
[Black "Brozel, Sacha"]
[Result "1-0"]
[WhiteElo "2010"]
[BlackElo "1822"]
[WhiteFideId "12807710"]
[BlackFideId "429317"]
[EventDate "2014.12.08"]

1. d4 Nf6 2. c4 e6 3. Nc3 Bb4 4. e3 b6 5. Bd3 Bb7 6. Nf3 O-O 7. O-O d5 8. a3 Be7
9. Ne5 c5 10. b3 Nc6 11. Nxc6 Bxc6 12. Bb2 cxd4 13. exd4 Rc8 14. Qd2 Qd7 15.
Rac1 Rfd8 16. Ne2 Qb7 17. f3 Qb8 18. Qg5 Rd7 19. Qh4 h6 20. Qh3 Bb7 21. Rc2 Ba6
22. Bc1 Bf8 23. f4 dxc4 24. bxc4 Rcd8 25. Kh1 Bb7 26. Qh4 Qa8 27. Qh3 Qb8 28.
Bb2 Be7 29. Ng3 Ba6 30. Rcf2 Qc7 31. Rc1 Bd6 32. Ne2 Qb8 33. f5 e5 34. d5 Nxd5
35. cxd5 Bxd3 36. Qxd3 e4 37. Qd4 f6 38. Qxe4 Bxh2 39. Rd1 Bd6 40. Nf4 Re8 41.
Ne6 Bc5 42. Rf3 Qd6 43. Qg4 h5 44. Qxh5 Rde7 45. Rh3 Rxe6 46. fxe6 1-0

[Event "London Classic Open 2014"]
[Site "London ENG"]
[Date "2014.12.09"]
[Round "2.73"]
[White "Parry, Jacques"]
[Black "Millward, Kevin P"]
[Result "1-0"]
[WhiteElo "1783"]
[BlackElo "2010"]
[WhiteFideId "425923"]
[BlackFideId "404721"]
[EventDate "2014.12.08"]

1. e4 d6 2. d4 g6 3. Nc3 Bg7 4. Be3 a6 5. Qd2 b5 6. Bd3 Nd7 7. f3 e6 8. Nce2 c5
9. c3 Bb7 10. Nh3 h6 11. O-O Ne7 12. Kh1 Qc7 13. a4 c4 14. Bc2 Nf6 15. axb5 axb5
16. Rxa8+ Bxa8 17. Ra1 Bb7 18. Nf2 Nd7 19. Ng4 h5 20. Nf2 O-O 21. Bh6 Kh7 22.
Bxg7 Kxg7 23. Qg5 f6 24. Qg3 Kf7 25. Nh3 Rg8 26. Nhf4 e5 27. Nh3 g5 28. Nf2 Ng6
29. Nd1 Ndf8 30. Qh3 Bc8 31. Qg3 Ne6 32. Qf2 Nef4 33. Nxf4 Nxf4 34. Qd2 h4 35.
Nf2 g4 36. Nxg4 Bxg4 37. fxg4 Rxg4 38. Rg1 Kg8 39. Bd1 Rg5 40. Bf3 Qg7 41. Qf2 1-0

[Event "London Classic Open 2014"]
[Site "London ENG"]
[Date "2014.12.09"]
[Round "2.74"]
[White "Nilsen, Martin"]
[Black "De Lagontrie, Jean"]
[Result "1-0"]
[WhiteElo "2006"]
[BlackElo "1802"]
[WhiteFideId "1510657"]
[BlackFideId "605271"]
[EventDate "2014.12.08"]

1. e4 e6 2. d4 d5 3. Nc3 Bb4 4. e5 c5 5. a3 Bxc3+ 6. bxc3 Ne7 7. Qg4 Qc7 8. Bd2
Nbc6 9. Nf3 Bd7 10. Qxg7 O-O-O 11. Bd3 Rhg8 12. Qh6 cxd4 13. cxd4 Nxe5 14. Nxe5 1-0

[Event "London Classic Open 2014"]
[Site "London ENG"]
[Date "2014.12.09"]
[Round "2.75"]
[White "Grey, Nicholas D"]
[Black "Sharma, Amit"]
[Result "0-1"]
[WhiteElo "1766"]
[BlackElo "2006"]
[WhiteFideId "415448"]
[BlackFideId "5020522"]
[EventDate "2014.12.08"]

1. e4 c6 2. d4 d5 3. exd5 cxd5 4. c4 Nf6 5. Nc3 g6 6. cxd5 Bg7 7. Be2 Nxd5 8.
Bf3 Nb6 9. Nge2 O-O 10. O-O Nc6 11. Re1 Re8 12. a4 Nc4 13. Bd5 Nb6 14. Bf3 a6
15. Bg5 h6 16. Be3 Nc4 17. Bd5 Nxe3 18. fxe3 e6 19. Bf3 Qg5 20. Ng3 Qd8 21. Nce2
Ne7 22. Rc1 h5 23. Nc3 h4 24. Nge4 Nd5 25. Nf2 Bh6 26. Ng4 Bg5 27. Ne4 Be7 28.
Ne5 Kg7 29. Nc5 Bg5 30. e4 Bxc1 31. Qxc1 Ne7 32. Qe3 b6 33. Ncd3 Bb7 34. Ng4 Ng8
35. Nc1 Rc8 36. Nd3 Rc4 37. e5 Bxf3 38. Qxf3 Qxd4+ 39. Ngf2 Rec8 40. b3 Rc2 41.
Rf1 R8c3 42. Qd1 Nh6 43. h3 Nf5 0-1

[Event "London Classic Open 2014"]
[Site "London ENG"]
[Date "2014.12.09"]
[Round "2.76"]
[White "Gschwendtner, Stanislav"]
[Black "Bin-Suhayl, Ieysaa"]
[Result "1-0"]
[WhiteElo "1998"]
[BlackElo "1777"]
[WhiteFideId "307297"]
[BlackFideId "429031"]
[EventDate "2014.12.08"]

1. c4 c5 2. Nf3 Nf6 3. d4 cxd4 4. Nxd4 g6 5. Nc3 Bg7 6. g3 Nc6 7. Nc2 O-O 8. Bg2
d6 9. Rb1 Be6 10. b3 Qa5 11. Bd2 Nd7 12. b4 Qc7 13. Nd5 Bxd5 14. cxd5 Nce5 15.
Rc1 Qc4 16. a3 Rfc8 17. O-O Qb3 18. f4 Nc4 19. Rf3 Qa4 20. Bc3 Nxa3 21. Bxg7
Rxc2 22. Rxc2 Qxc2 23. Qxc2 Nxc2 24. Bc3 Rc8 25. Bh3 Rc7 26. f5 Nb6 27. Rd3 Nxd5
28. Rxd5 Rxc3 29. f6 exf6 30. Rxd6 Nxb4 31. Rd7 Rc1+ 32. Kf2 Rb1 33. Bg2 a5 34.
Rxb7 a4 35. Ra7 Ra1 36. Rb7 Nc2 37. Bd5 a3 38. Rxf7 Nb4 39. Be6 a2 40. Ra7+ Kh8
41. h4 f5 42. h5 gxh5 43. Bb3 Rb1 44. Bxa2 Nxa2 45. Rxa2 Kg7 46. Ra6 Rb4 47. Re6
Rg4 48. Kf3 Rg6 49. Re7+ Kh6 50. Rf7 Rg5 51. Kf4 Rg4+ 52. Kf3 Kg6 53. Rf8 h4 54.
Rg8+ Kh5 55. Rh8 Rxg3+ 56. Kf4 1-0

[Event "London Classic Open 2014"]
[Site "London ENG"]
[Date "2014.12.09"]
[Round "2.77"]
[White "Pattni, Kishan"]
[Black "Niccoli, Tony"]
[Result "1/2-1/2"]
[WhiteElo "1716"]
[BlackElo "1996"]
[WhiteFideId "420751"]
[BlackFideId "432946"]
[EventDate "2014.12.08"]

1. Nf3 Nf6 2. d4 d5 3. c4 dxc4 4. Nc3 Bg4 5. e4 e6 6. Bxc4 c6 7. O-O Be7 8. d5
e5 9. dxc6 Nxc6 10. Be3 Qxd1 11. Raxd1 O-O 12. Bg5 Rfd8 13. Bxf6 Bxf6 14. Nd5
Bxf3 15. gxf3 Bg5 16. Rd3 Kf8 17. Rfd1 Rd6 18. Nc7 Rxd3 19. Rxd3 Rd8 20. Rxd8+
Bxd8 21. Nd5 Ke8 22. f4 f6 23. f5 Ne7 24. Nxe7 Kxe7 25. Kf1 g6 26. Be6 g5 27. f3
Kd6 28. a4 h5 29. h3 Kc5 30. Ke2 Kd4 31. Bf7 h4 32. Bd5 b6 33. b3 Be7 34. Bb7
Ba3 35. Bd5 Bc1 36. Bc6 Bf4 37. Bd5 a5 38. Bc6 Bc1 39. Bd5 Bb2 40. Bc4 Bc1 41.
Bd5 Bf4 42. Bc4 g4 43. fxg4 Kxe4 44. Be6 Bg5 45. Bc4 Kf4 46. Kf2 e4 47. Bf1 e3+
48. Kg2 Ke4 49. Be2 Kd4 50. Kf3 Kc3 51. Bc4 Kd2 52. Bb5 1/2-1/2

[Event "London Classic Open 2014"]
[Site "London ENG"]
[Date "2014.12.09"]
[Round "2.78"]
[White "Ditmas, Hugh"]
[Black "Miu, Marinel"]
[Result "1/2-1/2"]
[WhiteElo "1993"]
[BlackElo "1743"]
[WhiteFideId "1270666"]
[BlackFideId "1220691"]
[EventDate "2014.12.08"]

1. d4 d5 2. c4 e6 3. Nf3 c6 4. Nc3 f5 5. Bf4 Bd6 6. e3 Nf6 7. Bd3 O-O 8. O-O Ne4
9. Qc2 Qe7 10. h3 Nd7 11. Ne2 Ndf6 12. Ne5 Bxe5 13. Bxe5 Nd7 14. Bh2 Ndf6 15. f3
Ng5 16. c5 Nf7 17. Rae1 e5 18. Bxf5 Bxf5 19. Qxf5 e4 20. Nf4 Rae8 21. Nh5 Nd7
22. Qg4 Nh6 23. Qg3 exf3 24. Rxf3 Nf5 25. Qc7 g6 26. Bd6 Nxd6 27. cxd6 Qe6 28.
Nf4 Qf5 29. Qxb7 Nf6 30. Qxc6 Rc8 31. Qa4 Rcd8 32. Qb3 Qe4 33. Qd3 Qe8 34. Qa6
Ne4 35. Qxa7 Rxd6 36. Nd3 Rxf3 37. gxf3 Ng5 38. Ne5 Qe6 39. Rc1 Nxf3+ 40. Kf2
Nxe5 41. dxe5 Qf5+ 42. Ke2 Rd8 43. Qc7 Rf8 44. Qd6 Qf2+ 45. Kd3 Qxb2 46. Qxd5+
Kh8 47. Rc2 Qb6 48. Ke2 Qa6+ 49. Qc4 Qb7 50. Qc6 Qb1 51. e6 Qf1+ 52. Kd2 Rd8+
53. Qd7 Rxd7+ 54. exd7 Qf2+ 55. Kd1 Qf3+ 56. Kc1 Qxe3+ 57. Kd1 Qg1+ 58. Ke2 Qg2+
59. Ke1 Qg3+ 60. Kd1 Qd3+ 61. Rd2 Qb1+ 62. Ke2 Qb5+ 63. Kd1 Qh5+ 64. Kc2 Qc5+
65. Kd1 Qh5+ 66. Kc2 Qf5+ 67. Kd1 1/2-1/2

[Event "London Classic Open 2014"]
[Site "London ENG"]
[Date "2014.12.09"]
[Round "2.79"]
[White "Wong, Shyun Fwu Aldrin"]
[Black "Calvert, D Ian"]
[Result "0-1"]
[WhiteElo "1652"]
[BlackElo "1982"]
[WhiteFideId "5806500"]
[BlackFideId "406368"]
[EventDate "2014.12.08"]

1. e4 d5 2. exd5 Qxd5 3. Nc3 Qd6 4. d4 Nf6 5. Nf3 c6 6. Bc4 Bg4 7. Bxf7+ Kxf7 8.
Ne5+ Qxe5+ 9. dxe5 Bxd1 10. Nxd1 Nd5 11. O-O e6 12. c4 Nb6 13. b3 N8d7 14. f4
Bc5+ 15. Kh1 Bd4 16. Rb1 g6 17. a4 h5 18. Be3 Bxe3 19. Nxe3 Rad8 20. a5 Nc8 21.
b4 c5 22. b5 Ne7 23. Nd1 Nf5 24. Re1 Nb8 25. Nb2 Rd4 26. g3 Rhd8 27. Rbd1 Rd2
28. Rxd2 Rxd2 29. b6 a6 30. Na4 Nd7 31. Nc3 Ke7 32. Rd1 Rxd1+ 33. Nxd1 Nd4 34.
Nc3 Nb3 0-1

[Event "London Classic Open 2014"]
[Site "London ENG"]
[Date "2014.12.09"]
[Round "2.80"]
[White "Acosta, Mariano USA"]
[Black "Kouchak, Jason"]
[Result "1-0"]
[WhiteElo "1981"]
[BlackElo "1720"]
[WhiteFideId "2008629"]
[BlackFideId "26011379"]
[EventDate "2014.12.08"]

1. Nf3 d5 2. c4 c6 3. g3 Nf6 4. Bg2 Bg4 5. h3 Bxf3 6. Bxf3 e6 7. O-O Bd6 8. d4
Nbd7 9. cxd5 exd5 10. Nc3 O-O 11. Bg2 Re8 12. Rb1 h6 13. b4 a6 14. a4 b5 15. a5
Rc8 16. Qd3 Qe7 17. Ba3 Ne4 18. e3 f5 19. Rb3 g5 20. Ne2 Ndf6 21. Rfb1 Bb8 22.
Bb2 Qd6 23. Bc3 Re7 24. Be1 Rg7 25. f3 Nh5 26. fxe4 fxe4 27. Qc2 Rf7 28. Rc1 Ng7
29. Rc3 Rf6 30. Rb3 Nf5 31. Qc5 Qd7 32. Qb6 Kg7 33. Qxa6 c5 34. Qxf6+ Kxf6 35.
bxc5 Ba7 36. Rcb1 Rb8 37. Bf2 Ne7 38. Nc3 b4 39. Rxb4 Rxb4 40. Rxb4 Nc6 41. Rb5
Nxd4 42. exd4 Qf5 43. Rb7 e3 44. Bxe3 Qd3 45. Nxd5+ Ke6 46. Rxa7 Qd1+ 47. Kh2 h5
48. Re7+ 1-0

[Event "London Classic Open 2014"]
[Site "London ENG"]
[Date "2014.12.09"]
[Round "2.81"]
[White "Siddiqui, Nida Mishraz"]
[Black "McKerracher, Douglas"]
[Result "0-1"]
[WhiteTitle "WCM"]
[WhiteElo "1636"]
[BlackElo "1980"]
[WhiteFideId "7800495"]
[BlackFideId "2401002"]
[EventDate "2014.12.08"]

1. e4 d5 2. exd5 Qxd5 3. Nc3 Qa5 4. d4 Nf6 5. Bd3 c6 6. Nf3 Bg4 7. h3 Bh5 8. O-O
e6 9. Bd2 Nbd7 10. Ne2 Qc7 11. Nf4 Bg6 12. Nxg6 hxg6 13. c4 Be7 14. Re1 O-O 15.
Rc1 Rfe8 16. b4 Rad8 17. b5 c5 18. d5 exd5 19. cxd5 Nxd5 20. Qb3 N7b6 21. a4 Nf4
22. Bxf4 Qxf4 23. Bxg6 c4 24. Bxf7+ Qxf7 25. Qc2 Bf6 26. Rxe8+ Rxe8 27. a5 Nc8
28. Qd1 c3 29. g4 Rd8 30. Qe2 Qd5 31. h4 g6 32. Ng5 Nd6 33. Rd1 Qc4 34. Qc2
Qxg4+ 35. Kf1 Qc4+ 36. Kg1 Nf5 37. Rxd8+ Bxd8 38. Ne4 Nd4 39. Nf6+ Kf7 40. Ne4
Nxc2 41. Nd6+ Ke6 42. Nxc4 Kd5 43. b6 a6 0-1

[Event "London Classic Open 2014"]
[Site "London ENG"]
[Date "2014.12.09"]
[Round "2.82"]
[White "Othman, Mustapha"]
[Black "Fixmer, Eric"]
[Result "1-0"]
[WhiteElo "1973"]
[BlackElo "1686"]
[WhiteFideId "8500797"]
[BlackFideId "4004469"]
[EventDate "2014.12.08"]

1. Nf3 c5 2. g3 Nf6 3. Bg2 g6 4. d4 cxd4 5. O-O Nc6 6. Nxd4 Bg7 7. e4 O-O 8. Be3
d5 9. Nc3 Nxd4 10. Bxd4 dxe4 11. Be5 Bg4 12. Qxd8 Raxd8 13. Nxe4 Nxe4 14. Bxg7
Kxg7 15. Bxe4 Rd2 16. f3 Be6 17. Rf2 Rfd8 18. Bd3 Rxf2 19. Kxf2 Kf6 20. Ke3 Rd5
21. c4 Rh5 22. Rh1 Re5+ 23. Kd4 Bf5 24. Be4 Bxe4 25. fxe4 Ke6 26. Rc1 f5 27.
exf5+ gxf5 28. Rc2 b6 29. b4 Re4+ 30. Kd3 Kd6 31. Rf2 e6 32. Rf4 Re1 33. Rd4+
Kc6 34. Rh4 Ra1 35. Rxh7 Rxa2 36. Kd4 a5 37. b5+ Kd6 38. Rb7 e5+ 39. Kc3 e4 40.
Kd4 Rd2+ 41. Ke3 Rd3+ 42. Ke2 Kc5 43. Rc7+ Kb4 44. Rc6 a4 45. Rxb6 Kxc4 46. Rb8
a3 47. b6 a2 1-0

[Event "London Classic Open 2014"]
[Site "London ENG"]
[Date "2014.12.09"]
[Round "2.83"]
[White "Praczukowski, Stanislaw"]
[Black "Haddock, Paul"]
[Result "1-0"]
[WhiteElo "1962"]
[BlackElo "1648"]
[WhiteFideId "1182730"]
[BlackFideId "419150"]
[EventDate "2014.12.08"]

1. d4 Nf6 2. c4 g6 3. Nc3 Bg7 4. e4 d6 5. f3 Nbd7 6. Nge2 O-O 7. Be3 e5 8. Qd2
b6 9. d5 a5 10. g4 h5 11. Bg5 Qe8 12. Nb5 Qd8 13. gxh5 gxh5 14. Ng3 Kh7 15. Nxh5
Ba6 16. Bh3 Bxb5 17. cxb5 Nc5 18. Bf5+ Kh8 19. Bxf6 1-0

[Event "London Classic Open 2014"]
[Site "London ENG"]
[Date "2014.12.09"]
[Round "2.84"]
[White "Inglese, Guido"]
[Black "Lobersli, Henrik Oie"]
[Result "0-1"]
[WhiteElo "1619"]
[BlackElo "1961"]
[WhiteFideId "821250"]
[BlackFideId "1511947"]
[EventDate "2014.12.08"]

1. d4 f5 2. e4 fxe4 3. Nc3 Nf6 4. Bg5 d5 5. f3 Bf5 6. Bxf6 exf6 7. fxe4 dxe4 8.
Bc4 Nc6 9. d5 Ne5 10. Bb5+ c6 11. dxc6 bxc6 12. Ba4 Qb6 13. Nge2 Bc5 14. Bb3 Ng4
15. Na4 Bf2+ 0-1